Sistema del derecho romano actual / (Record no. 164850)

MARC details
000 -LEADER
campo de control de longitud fija 01395nam a2200289 i 4500
001 - NÚMERO DE CONTROL
campo de control 164850
003 - IDENTIFICADOR DE NÚMERO DE CONTROL
campo de control ES-MaACL
005 - FECHA Y HORA DE LA ÚLTIMA TRANSACCIÓN
campo de control 20250723061851.0
008 - DATOS DE LONGITUD FIJA--INFORMACIÓN GENERAL
campo de control de longitud fija 950206m18781879sp |||| | spa d
080 ## - NÚMERO DE LA CLASIFICACIÓN DECIMAL UNIVERSAL
Número de la Clasificación Decimal Universal 34(37)
080 ## - NÚMERO DE LA CLASIFICACIÓN DECIMAL UNIVERSAL
Número de la Clasificación Decimal Universal 34(37):34(100)
100 1# - ENTRADA PRINCIPAL--NOMBRE DE PERSONA
Nombre de persona Savigny, Friedrich Carl von,
Fechas asociadas al nombre 1779-1861
Término indicativo de función/relación Autor
9 (RLIN) 104070
245 10 - MENCIÓN DEL TÍTULO
Título Sistema del derecho romano actual /
Mención de responsabilidad, etc. por M.F.C. de Savigny ; traducido del alemán por M.Ch. Guenoux ; vertido al castellano por Jacinto Mesía y Manuel Poley ; y precedido de un prólogo de Manuel Durán y Bas
260 ## - PUBLICACIÓN, DISTRIBUCIÓN, ETC.
Lugar de publicación, distribución, etc. Madrid :
Nombre del editor, distribuidor, etc. F. Góngora y Compañía,
Fecha de publicación, distribución, etc. 1878-1879
Fabricante (Imp. de José García)
300 ## - DESCRIPCIÓN FÍSICA
Extensión 6 volúmenes ;
Dimensiones 22 cm.
490 1# - MENCIÓN DE SERIE
Mención de serie Biblioteca universal. Sección jurídica ;
Designación de volumen o secuencia 4-9
530 ## - NOTA DISPONIBLE DE FORMULARIO FÍSICO ADICIONAL
Nota de formato físico adicional disponible Disponible en formato digital
650 #7 - PUNTO DE ACCESO ADICIONAL DE MATERIA--TÉRMINO DE MATERIA
Término de materia o nombre geográfico como elemento de entrada Derecho romano
Fuente del encabezamiento o término embne
9 (RLIN) 11764
650 #4 - PUNTO DE ACCESO ADICIONAL DE MATERIA--TÉRMINO DE MATERIA
Término de materia o nombre geográfico como elemento de entrada Derecho romano-
Subdivisión general Influencia.
9 (RLIN) 159325
700 1# - ENTRADA AGREGADA--NOMBRE PERSONAL
Nombre de persona Durán y Bas, Manuel,
Fechas asociadas al nombre 1823-1907
9 (RLIN) 46240
Término indicativo de función/relación Autor de introducción
830 #0 - PUNTO DE ACCESO ADICIONAL DE SERIE-TÍTULO UNIFORME
Título uniforme Biblioteca universal. Sección jurídica ;
Designación de volumen o secuencia 4-9
9 (RLIN) 222372
852 ## - LOCALIZACIÓN
Ubicación ES-MaACL
Ubicación en estantería Sala Valle Inclán
Anotaciones manuscritas Firma autógrafa de Antonio Aura Boronat
Donativo/Legado Donativo de Antonio Aura Boronat
Número de control de estantería D-4951-56
Encuadernación Holandesa conservando cub. original
856 ## - LOCALIZACIÓN Y ACCESO ELECTRÓNICOS
Identificador Uniforme de Recursos <a href="https://bdh-rd.bne.es/viewer.vm?id=0000288338&page=1">https://bdh-rd.bne.es/viewer.vm?id=0000288338&page=1</a>
Texto de enlace Versión en línea
Nota pública (Biblioteca Digital Hispánica)
942 ## - ELEMENTOS DE ENTRADA SECUNDARIOS (KOHA)
Fuente del sistema de clasificación o colocación Clasificación decimal universal
Tipo de ítem Koha Libro impreso antiguo
Suprimir en OPAC No
Holdings
Estatus retirado Estado de pérdida Fuente del sistema de clasificación o colocación Estado de daño No para préstamo Colección Biblioteca de origen Biblioteca actual Ubicación en estantería Fecha de adquisición Fuente de adquisición Total de préstamos Signatura topográfica completa Código de barras Visto por última vez Tipo de ítem Koha
    Clasificación decimal universal     Libros del s. XIX Biblioteca del Ateneo de Madrid Biblioteca del Ateneo de Madrid Sala Valle Inclán 17/01/2008 Donación   D-4951-56 901172811 23/02/2023 Libro impreso antiguo